Freedom of information and access to environmental information - an introduction (Record no. 74961)
[ view plain ]
| 000 -LEADER | |
|---|---|
| fixed length control field | 01849cam a2200241 4500 |
| 001 - CONTROL NUMBER | |
| control field | ABS68848 |
| 008 - FIXED-LENGTH DATA ELEMENTS--GENERAL INFORMATION | |
| fixed length control field | 111024s2005 000 0 eng u |
| 035 ## - SYSTEM CONTROL NUMBER | |
| System control number | (Sirsi) u129125 |
| 100 ## - MAIN ENTRY--PERSONAL NAME | |
| Personal name | Black, A. |
| 245 ## - TITLE STATEMENT | |
| Title | Freedom of information and access to environmental information - an introduction |
| 260 ## - PUBLICATION, DISTRIBUTION, ETC. | |
| Date of publication, distribution, etc. | 2005 |
| 490 ## - SERIES STATEMENT | |
| Series statement | Scottish Planning and Environmental Law |
| Volume/sequential designation | (107) February 2005, 4-7(4) |
| 520 ## - SUMMARY, ETC. | |
| Summary, etc. | Considers the importance of the Freedom of Information (Scotland) Act 2002 (FOISA), which came fully into force on 1 January 2005. Looks at its new statutory right of access to information held by a wide range of Scottish public authorities, thereby enhancing public accountability. Discusses other main features of the Act: the establishment of an independent Scottish information commissioner to police the legislation, and the requirement to create and maintain a publication scheme. Examines the access rights to environmental information held by public authorities, requests for which now come under the new Environmental Information (Scotland) Regulations 2004 (EIRs) regime. Advises on how to match the request with the right regime and notes the differences between the FOISA and EIRs regimes. Concludes that if public authorities embrace their new obligations, greater transparency and openness will permeate the public sector. |
| 590 ## - LOCAL NOTE (RLIN) | |
| Local note | ABS |
| 650 ## - SUBJECT ADDED ENTRY--TOPICAL TERM | |
| Topical term or geographic name entry element | FREEDOM OF INFORMATION (SCOTLAND) ACT 2002 |
| 650 ## - SUBJECT ADDED ENTRY--TOPICAL TERM | |
| Topical term or geographic name entry element | ENVIRONMENTAL INFORMATION (SCOTLAND) REGULATIONS 2004 |
| 650 ## - SUBJECT ADDED ENTRY--TOPICAL TERM | |
| Topical term or geographic name entry element | ACCESS TO INFORMATION |
| 650 ## - SUBJECT ADDED ENTRY--TOPICAL TERM | |
| Topical term or geographic name entry element | SCOTLAND |
| 690 ## - LOCAL SUBJECT ADDED ENTRY--TOPICAL TERM (OCLC, RLIN) | |
| Topical term or geographic name as entry element | LAW |
| 856 ## - ELECTRONIC LOCATION AND ACCESS | |
| Uniform Resource Identifier | <a href="https://www.legislation.gov.uk/asp/2002/13/contents/enacted">https://www.legislation.gov.uk/asp/2002/13/contents/enacted</a> |
| Public note | View FOISA free of charge at www.legislation.gov.uk |
| 856 ## - ELECTRONIC LOCATION AND ACCESS | |
| Uniform Resource Identifier | <a href="https://www.legislation.gov.uk/ssi/2004/520/contents/made">https://www.legislation.gov.uk/ssi/2004/520/contents/made</a> |
| Public note | View EIRs free of charge at www.legislation.gov.uk |
| 942 ## - ADDED ENTRY ELEMENTS (KOHA) | |
| Suppress in OPAC | 0 |
| Withdrawn status | Lost status | Source of classification or shelving scheme | Damaged status | Not for loan | Home library | Current library | Shelving location | Date acquired | Total Checkouts | Full call number | Barcode | Date last seen | Copy number | Price effective from | Koha item type |
|---|---|---|---|---|---|---|---|---|---|---|---|---|---|---|---|
| Dewey Decimal Classification | London | London | Journal article | 22/03/2005 | ABS68848 | 129125-1001 | 06/08/2019 | 1 | 06/08/2019 | Journal article |